Piłkarska kariera Mario Balotelliego. - Statystyki

Ogólne statystyki
  • Ten quiz został rozwiązany 82 razy
    66 od ostatniego zresetowania
  • Średni wynik to 7 z 11
Statystyki odpowiedzi
Lata Drużyna % Poprawnych
2013-2014 Milan
90%
2015-2016 Milan
90%
2007-2010 Inter
87%
2010-2013 Manchester City
87%
2014-2015 Liverpool
69%
2016-2016 Liverpool
69%
2016-2019 Nice
67%
2019-2020 Brescia
46%
2020-teraz Monza
37%
2019-2019 Olympique Marsylia
35%
2006-2006 Lumezzane
13%
Nie znaleziono quizów pasujących do podanych kryteriów
Rozkład punktacji
Procent ludzi z każdym wynikiem
Percentyl według liczby udzielonych odpowiedzi
Twoja historia wyników
Nie rozwiązałeś tego quizu od ostatniego zresetowania